Concealed Weapon Detection / (Record no. 190651)
[ view plain ]
| 000 -LEADER | |
|---|---|
| fixed length control field | 00871 a2200193 4500 |
| 003 - CONTROL NUMBER IDENTIFIER | |
| control field | NUST |
| 005 - DATE AND TIME OF LATEST TRANSACTION | |
| control field | 20251125134002.0 |
| 040 ## - CATALOGING SOURCE | |
| Transcribing agency | Nust |
| 082 ## - DEWEY DECIMAL CLASSIFICATION NUMBER | |
| Classification number | 621.382,ZAF |
| 100 ## - MAIN ENTRY--PERSONAL NAME | |
| Personal name | Zafar, Rizawan (TCC-20) |
| 9 (RLIN) | 132071 |
| 245 ## - TITLE STATEMENT | |
| Title | Concealed Weapon Detection / |
| Statement of responsibility, etc. | NC Rizawan Zafar, NC Ramzan Ali & NC Sarmad Ghafoor and NC Hammad Sadiq TCC-20 |
| 260 ## - PUBLICATION, DISTRIBUTION, ETC. | |
| Place of publication, distribution, etc. | Rawalpindi |
| Name of publisher, distributor, etc. | MCS (NUST) |
| Date of publication, distribution, etc. | 2012 |
| 300 ## - PHYSICAL DESCRIPTION | |
| Extent | xii, 58 p.; |
| 505 ## - FORMATTED CONTENTS NOTE | |
| Formatted contents note | Introduction (Page-1), Techniques used for Metal Detection (Page-4), Principles of Magnetic Induction (Page-10), Radio Frequency (Page-16), NOISE Gates and Filters (Page-20), Power Supply (Page-24), Coil Design (Page-29), Hardware Design of Our Project (Page-33),Conclusion (Page-55), Bibliography (Page-57). |
| 650 ## - SUBJECT ADDED ENTRY--TOPICAL TERM | |
| Topical term or geographic name entry element | UG Projects |
| 9 (RLIN) | 98716 |
| 651 ## - SUBJECT ADDED ENTRY--GEOGRAPHIC NAME | |
| Geographic name | TCC-20 |
| 9 (RLIN) | 131219 |
| 700 ## - ADDED ENTRY--PERSONAL NAME | |
| Personal name | Supervised by Dr. Abdul Ghafoor |
| 9 (RLIN) | 132072 |
| 942 ## - ADDED ENTRY ELEMENTS (KOHA) | |
| Source of classification or shelving scheme | |
| Koha item type | Project Report |
| Withdrawn status | Lost status | Source of classification or shelving scheme | Damaged status | Not for loan | Permanent Location | Current Location | Shelving location | Date acquired | Full call number | Barcode | Date last seen | Price effective from | Koha item type | Public note |
|---|---|---|---|---|---|---|---|---|---|---|---|---|---|---|
| Military College of Signals (MCS) | Military College of Signals (MCS) | Reference | 12/12/2016 | 621.382,ZAF | MCSPTC-157 | 12/08/2016 | 12/12/2016 | Project Report | Almirah No. 94, Shelf No. 3 |
